| 000 | 00884nam a2200313 a 4500 | ||
|---|---|---|---|
| 003 | AR-BaBNM | ||
| 005 | 20251128203111.0 | ||
| 008 | 082120s2002 ||||||||||||||000 | spa|| | ||
| 020 | _a84-320-5635-9 | ||
| 040 | _cAR-BaBNM | ||
| 100 | 1 | _aSerrano Suñer, Ramón | |
| 245 | 0 | 0 |
_aEntre el silencio y la propaganda, la historia como fue _bmemorias |
| 250 | _a1ª ed. | ||
| 260 |
_aBarcelona _bPlaneta _c1977 |
||
| 300 |
_a559 p. _bil.,láms. |
||
| 490 | 0 | _aEspejo de españa | |
| 500 | _aIndice onomástico p. 551-558. | ||
| 650 | 4 | _aHISTORIA POLITICA | |
| 650 | 4 | _aHISTORIA POLITICA ARGENTINA | |
| 650 | 4 | _aHISTORIA ECONOMICA | |
| 650 | 4 | _aHISTORIA SOCIAL | |
| 650 | 4 | _aHISTORIA MILITAR | |
| 650 | 4 | _aHISTORIA DE LAS RELIGIONES | |
| 650 | 4 | _aHISTORIA CULTURAL | |
| 651 | 4 | _aEspaña | |
| 800 | 1 |
_aBorrás Betriu, Rafael _edirector |
|
| 942 | _cBK | ||
| 998 | _cmariana | ||
| 999 |
_c1893 _d1893 |
||